Equivalent Fractions - Statistics

General Stats
  • This quiz has been taken 74 times
    71 since last reset
  • The average score is 7 of 10
Answer Stats
Simplest Fraction Numerator Denominator % Correct
1/4 1 4
100%
1/9 1 9
100%
5/2 10 4
100%
2/5 10 25
100%
5/9 10 18
100%
3/2 12 8
100%
2/5 14 35
100%
5/9 15 27
100%
1/4 2 8
100%
1/9 2 18
100%
2/3 2 3
100%
2/5 2 5
100%
5/9 20 36
100%
3/2 21 14
100%
5/9 25 45
100%
1/4 3 12
100%
1/9 3 27
100%
3/2 3 2
100%
1/4 4 16
100%
2/3 4 6
100%
2/5 4 10
100%
5/9 40 72
100%
1/4 5 20
100%
5/9 5 9
100%
3/2 6 4
100%
2/3 6 9
100%
2/5 6 15
100%
2/5 8 20
100%
3/2 9 6
100%
1/9 4 36
89%
1/9 9 81
89%
2/3 10 15
85%
1/4 7 28
83%
1/9 5 45
78%
2/3 14 21
77%
2/3 8 12
77%
3/2 15 10
75%
5/2 15 6
75%
5/2 20 8
75%
5/2 25 10
75%
5/2 5 2
75%
5/9 55 99
60%
5/2 35 14
50%
1/9 16 144
44%
1/9 30 270
44%
2/5 40 100
40%
5/9 65 117
40%
1/4 23 92
33%
1/9 24 216
33%
1/9 28 252
33%
2/3 60 90
31%
5/2 100 40
25%
5/2 150 60
25%
3/2 54 36
25%
3/2 78 52
25%
2/3 36 54
23%
2/5 28 80
20%
2/5 44 110
20%
2/5 60 150
20%
5/9 85 153
20%
1/4 13 52
17%
1/4 17 68
17%
1/4 19 76
17%
2/3 52 78
15%
2/3 56 84
15%
5/2 110 44
0%
5/9 135 243
0%
5/2 80 28
0%
3/2 84 56
0%
3/2 90 60
0%
No matching quizzes found
Score Distribution
Percent of People with Each Score
Percentile by Number Answered
Your Score History
You have not taken this quiz since the last reset